1072 1568 1342 1326 1815 1435 1938 1779 1873 1548 1980 1476 1529 1058 1649 1872 1520 1083 1844 1000 1530 1836 1732 1704 1941 1304 1215 1819 1054 1895 1178 1425 1204 1561 1919 1707 1998 1917 1156 1333 1873 1016 1417 1832 1713 1176 1492 1590 1110 1746 1714 1479 1996 1440 1016 1249 1411 1978 1101 1300 1536 1706 1077 1725 1447 1217 1923 1872 1091 1070 1086 1997 1586 1325 1784 1501 1100 1348 1502 1365 1543 1109 1279 1384 1293 1478 1775 1876 1449 1046 1826 1553 1754 1104 1974 1204 1052 1982 1294 BCNSPRNW ULIB Ver.6.0+V

เปลี่ยนเป็นภาษาไทย

Change to English
 แสดงรายละเอียดบรรณานุกรม
  กลับหน้าหลัก

Brief Record : Get Marc (ISO 2709) : E-mail record : QR code < ปิดหน้าต่าง
LEADER : 00000nam 2200000uu 4500
001    13399125567
003     ULIB
008    170630s2558||||th 000 0 tha d
020    ู^a9786160823543
060    ^aaWA30^bว617ห
100 0  ^aวิน เตชะเคหะกิจ
245 00 ^aหลักเศรษฐศาสตร์สาธารณสุขเบื้องต้น/^วิน เตชะเคหะกิจ
260    ^aกรุงเทพฯ:^bซีเอ็ดยูเคชั่น,^c2558
300    ^a136 หน้า
650  0 ^aเศรษฐศาสตร์การแพทย์
710 1  ^aซีเอ็ดยูเคชั่น
945    ^p0^l0^i002498
945    ^p0^l0^i002499
945    ^p0^l0^i002500
945    ^p0^l0^i002501
945    ^p0^l0^i002502
999    ^aวรรณษา ชูชัยมงคล
รายการนี้ยังไม่มีแท็ก
คุณยังไม่ได้ล็อกอิน คุณสามารถมีกิจกรรมร่วมกับเว็บไซต์ได้ แต่ต้องล็อกอินก่อน ::
  ล็อกอิน

รายการสื่อสารสนเทศ

ลำดับที่ ประเภท เลขเรียก/บาร์โค้ด สถานที่ สถานะ
1. วิทยาศาสตร์การแพทย์ และสุขภาพ
วิทยาศาสตร์การแพทย์ และสุขภาพ
สถานะ=หนังสือเก่า
aWA30 ว617ห ฉ.1 
  Barcode: 002498
ห้องสมุดวิทยาเขตสวรรค์ประชารักษ์
►ส่วนจัดเก็บหนังสือเก่า สปร
บนชั้น
  ขอยืม
2. วิทยาศาสตร์การแพทย์ และสุขภาพ
วิทยาศาสตร์การแพทย์ และสุขภาพ
สถานะ=หนังสือเก่า
aWA30 ว617ห ฉ.2 
  Barcode: 002499
ห้องสมุดวิทยาเขตสวรรค์ประชารักษ์
►ส่วนจัดเก็บหนังสือเก่า สปร
บนชั้น
  ขอยืม
3. วิทยาศาสตร์การแพทย์ และสุขภาพ
วิทยาศาสตร์การแพทย์ และสุขภาพ
สถานะ=หนังสือเก่า
aWA30 ว617ห ฉ.3 
  Barcode: 002500
ห้องสมุดวิทยาเขตสวรรค์ประชารักษ์
►ส่วนจัดเก็บหนังสือเก่า สปร
บนชั้น
  ขอยืม
4. วิทยาศาสตร์การแพทย์ และสุขภาพ
วิทยาศาสตร์การแพทย์ และสุขภาพ
สถานะ=หนังสือเก่า
aWA30 ว617ห ฉ.4 
  Barcode: 002501
ห้องสมุดวิทยาเขตสวรรค์ประชารักษ์
►ส่วนจัดเก็บหนังสือเก่า สปร
บนชั้น
  ขอยืม
5. วิทยาศาสตร์การแพทย์ และสุขภาพ
วิทยาศาสตร์การแพทย์ และสุขภาพ
สถานะ=หนังสือเก่า
aWA30 ว617ห ฉ.5 
  Barcode: 002502
ห้องสมุดวิทยาเขตสวรรค์ประชารักษ์
►ส่วนจัดเก็บหนังสือเก่า สปร
บนชั้น
  ขอยืม

รายการใกล้เคียง
    หัวเรื่อง [เศรษฐศาสตร์การแพทย์]

BibComment


ยังไม่เคยถูกคอมเมนท์

คอมเมนท์ทรัพยากรรายการนี้
  คอมเมนท์: หลักเศรษฐศาสตร์ส..


 Copyright 2026. Bcnsprnw @Library